[Event "ch-RUS Blitz 2017"]
[Site "Sochi RUS"]
[Date "2017.10.02"]
[Round "1.1"]
[White "Andreikin, Dmitry"]
[Black "Linker, Mikhail"]
[Result "1-0"]
[WhiteTitle "GM"]
[WhiteElo "2708"]
[BlackElo "2269"]
[WhiteFideId "4158814"]
[BlackFideId "14101734"]
[EventDate "2017.10.02"]
[EventType "blitz"]

1. Nf3 Nf6 2. c4 c5 3. Nc3 e6 4. g3 b6 5. Bg2 Bb7 6. O-O Be7 7. b3 O-O 8. Bb2 a6
9. Re1 d6 10. e4 Qc7 11. d4 cxd4 12. Nxd4 Nc6 13. Rc1 Nxd4 14. Qxd4 Rab8 15. Qd2
Rfd8 16. h3 Rbc8 17. g4 Qb8 18. g5 Nd7 19. h4 Bc6 20. h5 b5 21. cxb5 axb5 22. g6
hxg6 23. hxg6 Ne5 24. gxf7+ Kxf7 25. Ne2 Rh8 26. Nd4 Bd7 27. f4 Ng4 28. Qe2 Nh2
29. Rxc8 Qxc8 30. Rc1 Qg8 31. Rc7 Be8 32. Nf5 exf5 33. exf5 Rh6 34. Qxe7# 1-0

[Event "ch-RUS Blitz 2017"]
[Site "Sochi RUS"]
[Date "2017.10.02"]
[Round "1.2"]
[White "Alexeev, Alexey"]
[Black "Dubov, Daniil"]
[Result "0-1"]
[WhiteTitle "IM"]
[BlackTitle "GM"]
[WhiteElo "2299"]
[BlackElo "2666"]
[WhiteFideId "14106663"]
[BlackFideId "24126055"]
[EventDate "2017.10.02"]
[EventType "blitz"]

1. e4 g6 2. d4 Bg7 3. Nf3 d6 4. Nc3 Nf6 5. Be2 O-O 6. O-O a6 7. a4 Nc6 8. d5 Nb4
9. h3 e6 10. Re1 Re8 11. dxe6 Bxe6 12. Bf1 Bd7 13. Bg5 h6 14. Bh4 a5 15. Nd4 Nc6
16. Ndb5 g5 17. Bg3 Ne5 18. f4 Ng6 19. e5 dxe5 20. fxe5 Nh7 21. e6 Rxe6 22. Nxc7
Rxe1 23. Qxe1 Rc8 24. N3d5 Nf6 25. Bd3 Nxd5 26. Nxd5 Bc6 27. c4 Bxd5 28. cxd5
Qxd5 29. Rd1 Qb3 30. Bxg6 fxg6 31. Rd7 Rf8 32. Qe4 Qxg3 33. Qxg6 Qf2+ 34. Kh1
Qf1+ 35. Kh2 Qf4+ 36. Kh1 Qe5 37. Rxg7+ Qxg7 0-1

[Event "ch-RUS Blitz 2017"]
[Site "Sochi RUS"]
[Date "2017.10.02"]
[Round "1.3"]
[White "Artemiev, Vladislav"]
[Black "Rozhko, Dmitry"]
[Result "1-0"]
[WhiteTitle "GM"]
[BlackTitle "FM"]
[WhiteElo "2692"]
[BlackElo "2327"]
[WhiteFideId "24101605"]
[BlackFideId "4150430"]
[EventDate "2017.10.02"]
[EventType "blitz"]

1. d4 d5 2. Bf4 Bf5 3. e3 e6 4. Nf3 Bd6 5. Bg3 Nf6 6. Nbd2 Ne4 7. Bd3 Nxg3 8.
hxg3 Bxd3 9. cxd3 O-O 10. Qb3 b6 11. O-O c5 12. dxc5 bxc5 13. e4 dxe4 14. Nxe4
Be7 15. Ne5 Qc7 16. Nf3 Nc6 17. Rac1 Qb6 18. Qc3 Nb4 19. Qc4 Rac8 20. Rfd1 Rfd8
21. d4 Qa6 22. Qxa6 Nxa6 23. dxc5 Rxd1+ 24. Rxd1 Nxc5 25. Rc1 Rc7 26. Ne5 f5 27.
Nxc5 Rxc5 28. Rxc5 Bxc5 29. Nc6 Kf7 30. b4 Bb6 31. a4 a6 32. Nb8 a5 33. bxa5
Bxa5 34. Nc6 Bb6 35. a5 Bc5 36. a6 Kf6 37. a7 Bxa7 38. Nxa7 e5 39. Nc6 e4 40.
Kf1 g5 41. Ke2 Ke6 42. Ke3 Kd5 43. Na5 Ke5 44. Nc4+ Kd5 45. Nd2 Ke5 46. g4 f4+
47. Ke2 Kd4 48. f3 exf3+ 49. Nxf3+ Ke4 50. Nxg5+ Ke5 1-0

[Event "ch-RUS Blitz 2017"]
[Site "Sochi RUS"]
[Date "2017.10.02"]
[Round "1.4"]
[White "Bublei, Pavel"]
[Black "Tomashevsky, Evgeny"]
[Result "0-1"]
[WhiteTitle "FM"]
[BlackTitle "GM"]
[WhiteElo "2387"]
[BlackElo "2710"]
[WhiteFideId "24112593"]
[BlackFideId "4147235"]
[EventDate "2017.10.02"]
[EventType "blitz"]

1. d4 Nf6 2. c4 e6 3. Nf3 Bb4+ 4. Bd2 c5 5. Bxb4 cxb4 6. a3 bxa3 7. Nxa3 O-O 8.
e3 b6 9. Nb5 a6 10. Nd6 Qc7 11. Nxc8 Rxc8 12. Bd3 Nc6 13. O-O Nb4 14. Be2 a5 15.
Qa4 h6 16. h3 d6 17. Rfc1 Rab8 18. Qb5 Qe7 19. Qa4 Ne4 20. Qd1 Rc7 21. Nd2 Nxd2
22. Qxd2 Rbc8 23. Rc3 d5 24. cxd5 Nxd5 25. Rxc7 Qxc7 26. Bd3 Nb4 27. Be4 f5 28.
Bd3 Qd6 29. Ra3 Nxd3 30. Rxd3 Qd5 31. Rc3 Rxc3 32. Qxc3 a4 33. Qb4 b5 34. h4 Kf7
35. g3 g5 36. hxg5 hxg5 37. Kf1 Qc4+ 38. Qxc4 bxc4 39. Ke2 c3 0-1

[Event "ch-RUS Blitz 2017"]
[Site "Sochi RUS"]
[Date "2017.10.02"]
[Round "1.5"]
[White "Inarkiev, Ernesto"]
[Black "Stambulian, Arsen"]
[Result "1-0"]
[WhiteTitle "GM"]
[BlackTitle "IM"]
[WhiteElo "2694"]
[BlackElo "2362"]
[WhiteFideId "4162722"]
[BlackFideId "13300296"]
[EventDate "2017.10.02"]
[EventType "blitz"]

1. e4 e5 2. Nf3 Nc6 3. Bc4 Bc5 4. O-O Nf6 5. d3 d6 6. c3 O-O 7. Nbd2 a6 8. Bb3
Ba7 9. Re1 Ne7 10. Nf1 Ng6 11. Ng3 Be6 12. Bc2 h6 13. d4 Nh7 14. Nf5 Ne7 15.
dxe5 Bxf5 16. exf5 dxe5 17. Nxe5 Qxd1 18. Rxd1 Nf6 19. Nd7 Nxd7 20. Rxd7 Rfe8
21. Kf1 Bb6 22. f6 Nc6 23. fxg7 Ne5 24. Rd2 Kxg7 25. h3 Nc4 26. Rd3 Re6 27. Bb3
Rc6 28. Rg3+ Kh7 29. Rg4 Ne5 30. Re4 f6 31. Bc2 Kg7 32. Bf4 Ng6 33. Rd1 Rf8 34.
Be3 Bxe3 35. Rxe3 Rf7 36. Bxg6 Kxg6 37. Rd5 Rb6 38. b3 Rc6 39. g4 b6 40. c4 a5
41. Kg2 a4 42. Re8 axb3 43. axb3 Kg7 44. f4 Kh7 45. f5 Kg7 46. Rdd8 h5 47. Rg8+
Kh6 48. Kg3 hxg4 49. hxg4 Rh7 50. Rg6# 1-0

[Event "ch-RUS Blitz 2017"]
[Site "Sochi RUS"]
[Date "2017.10.02"]
[Round "1.6"]
[White "Magomedov, Murad"]
[Black "Pridorozhni, Aleksei"]
[Result "0-1"]
[WhiteTitle "FM"]
[BlackTitle "GM"]
[WhiteElo "2280"]
[BlackElo "2565"]
[WhiteFideId "4192630"]
[BlackFideId "4127870"]
[EventDate "2017.10.02"]
[EventType "blitz"]

1. d4 d6 2. Nf3 Bg4 3. e4 Nd7 4. Bc4 e6 5. h3 Bh5 6. O-O Be7 7. Bf4 c6 8. Nbd2
Ngf6 9. e5 dxe5 10. dxe5 Nd5 11. Bh2 N5b6 12. Be2 Nc5 13. Nb3 Qc7 14. Qd2 Rd8
15. Qe3 Nca4 16. Rab1 Bg6 17. Nbd4 O-O 18. b3 Nc5 19. Rbd1 Nd5 20. Qd2 Ne4 21.
Qc1 Nec3 22. Rd2 Nxa2 23. Qb2 Nac3 24. Bd3 c5 25. Bxg6 hxg6 26. Ne2 Nxe2+ 27.
Rxe2 b5 28. c4 bxc4 29. bxc4 Nb6 30. Qb5 Rd3 31. Nd2 Rd4 32. Rc1 Rfd8 33. Ne4
Rd1+ 34. Re1 Rxc1 35. Rxc1 Qd7 36. Qxd7 Rxd7 37. Nd6 Bxd6 38. exd6 f6 39. Rb1 e5
40. f4 e4 41. f5 gxf5 42. Rb5 g5 43. h4 Kf7 44. Rxc5 Kg6 45. hxg5 fxg5 46. Be5
f4 47. Rc6 Kf5 48. c5 Kxe5 49. cxb6 axb6 50. Rxb6 Rxd6 51. Rb8 Kf5 52. Kf2 Rd2+ 0-1

[Event "ch-RUS Blitz 2017"]
[Site "Sochi RUS"]
[Date "2017.10.02"]
[Round "1.7"]
[White "Khismatullin, Denis"]
[Black "Shubin, Kirill"]
[Result "1-0"]
[WhiteTitle "GM"]
[BlackTitle "FM"]
[WhiteElo "2628"]
[BlackElo "2375"]
[WhiteFideId "4142578"]
[BlackFideId "34119962"]
[EventDate "2017.10.02"]
[EventType "blitz"]

1. Nf3 Nf6 2. c4 e6 3. g3 a6 4. Bg2 b5 5. b3 c5 6. Nc3 Qb6 7. O-O Bb7 8. e3 Be7
9. Qe2 Bc6 10. d4 d6 11. Rd1 b4 12. d5 exd5 13. cxd5 Bb7 14. Na4 Qb5 15. Qc2
Nxd5 16. Bb2 Nf6 17. Qf5 O-O 18. Ng5 Nbd7 19. e4 h6 20. Nh3 Bc8 21. Qf4 Rb8 22.
Rac1 Qe2 23. Rd2 Qb5 24. Qe3 Ne5 25. Nf4 Be6 26. Nxc5 Neg4 27. Qe1 dxc5 28. h3
Qb6 29. e5 Nxe5 30. Qxe5 Rbc8 31. Re1 Bd8 32. Nxe6 fxe6 33. Rd6 Qb8 34. Qxe6+
Kh8 35. Rxa6 Bc7 36. Ra8 Qxa8 37. Bxa8 Rxa8 38. Qc6 Rac8 39. Qa6 Ra8 40. Qb7 Bd6
41. Re6 Rad8 42. Bxf6 Rxf6 43. Rxf6 gxf6 44. Qb6 Be7 45. Qc7 Rd1+ 46. Kg2 Re1
47. h4 Kg7 48. h5 Kf7 49. Qd7 Re5 50. Qd1 Bf8 51. f4 Re3 52. Qd2 Re7 53. Kf3 f5
54. Qd5+ Kf6 55. Qd6+ Kf7 56. Qg6# 1-0

[Event "ch-RUS Blitz 2017"]
[Site "Sochi RUS"]
[Date "2017.10.02"]
[Round "1.8"]
[White "Babikov, Ivan"]
[Black "Fedoseev, Vladimir3"]
[Result "0-1"]
[WhiteTitle "FM"]
[BlackTitle "GM"]
[WhiteElo "2276"]
[BlackElo "2731"]
[WhiteFideId "4161106"]
[BlackFideId "24130737"]
[EventDate "2017.10.02"]
[EventType "blitz"]

1. e4 c5 2. Nf3 Nc6 3. d4 cxd4 4. Nxd4 Nf6 5. Nc3 Qb6 6. Nb3 e6 7. Be3 Qc7 8.
Be2 a6 9. O-O b5 10. Re1 Bd6 11. g3 Be5 12. Nd5 exd5 13. exd5 Ne7 14. f4 Bd6 15.
c4 bxc4 16. Rc1 O-O 17. Bxc4 Qd8 18. Bd4 Nf5 19. Be5 Bb7 20. Qd3 Qb6+ 21. Kh1
Ne7 22. Bxf6 gxf6 23. Qf3 f5 24. Nd2 Qd4 25. Rcd1 Nxd5 0-1

[Event "ch-RUS Blitz 2017"]
[Site "Sochi RUS"]
[Date "2017.10.02"]
[Round "1.9"]
[White "Bocharov, Dmitry"]
[Black "Murtazin, Ruslan"]
[Result "1-0"]
[WhiteTitle "GM"]
[BlackTitle "FM"]
[WhiteElo "2585"]
[BlackElo "2364"]
[WhiteFideId "4138716"]
[BlackFideId "24175960"]
[EventDate "2017.10.02"]
[EventType "blitz"]

1. d4 Nf6 2. c4 c5 3. d5 e6 4. Nc3 exd5 5. cxd5 d6 6. Nf3 g6 7. h3 Bg7 8. Bf4
O-O 9. e3 a6 10. a4 Qe7 11. Be2 Nbd7 12. O-O Rb8 13. Nd2 Ne5 14. Bh2 Ne8 15. Qb3
f5 16. Bxa6 g5 17. Be2 Nf6 18. Rae1 g4 19. Kh1 Kh8 20. Nc4 Nxc4 21. Qxc4 gxh3
22. gxh3 f4 23. Qxf4 Ne8 24. Qg3 Be5 25. f4 Bf6 26. Qf3 Ng7 27. e4 Bd4 28. Nb5
Bxb2 29. f5 Be5 30. Bxe5 Qxe5 31. Qf4 Qxf4 32. Rxf4 1-0

[Event "ch-RUS Blitz 2017"]
[Site "Sochi RUS"]
[Date "2017.10.02"]
[Round "1.10"]
[White "Shkurkin, Andrey"]
[Black "Morozevich, Alexander"]
[Result "0-1"]
[WhiteTitle "FM"]
[BlackTitle "GM"]
[WhiteElo "2191"]
[BlackElo "2676"]
[WhiteFideId "34179647"]
[BlackFideId "4116992"]
[EventDate "2017.10.02"]
[EventType "blitz"]

1. d4 Nf6 2. c4 e6 3. g3 c5 4. d5 exd5 5. cxd5 g6 6. Nc3 Bg7 7. Bg2 O-O 8. Nf3
d6 9. O-O Re8 10. Nd2 Nbd7 11. a4 a6 12. Nc4 Nb6 13. Na3 Nbd7 14. Nc4 Ne5 15.
Na3 Bd7 16. h3 b5 17. f4 Nh5 18. fxe5 Bxe5 19. Bf4 Nxf4 20. gxf4 Bd4+ 21. Kh2 b4
22. Nab1 bxc3 23. Nxc3 Rb8 24. Qc2 Re3 25. Rad1 Bf5 26. Qd2 Qh4 27. Rf3 Rxf3 28.
exf3 Re8 29. Rf1 Be3 30. Qe1 Bxf4+ 0-1

[Event "ch-RUS Blitz 2017"]
[Site "Sochi RUS"]
[Date "2017.10.02"]
[Round "1.12"]
[White "Poliakov, Artem"]
[Black "Alekseev, Evgeny"]
[Result "0-1"]
[BlackTitle "GM"]
[WhiteElo "2182"]
[BlackElo "2622"]
[WhiteFideId "24198536"]
[BlackFideId "4138147"]
[EventDate "2017.10.02"]
[EventType "blitz"]

1. c4 c5 2. Nc3 g6 3. g3 Bg7 4. Bg2 Nc6 5. e3 Nh6 6. Nge2 Nf5 7. O-O d6 8. Rb1
Qd7 9. a3 b6 10. b4 Bb7 11. d3 O-O 12. Rb3 Ne5 13. f4 Ng4 14. Bh3 h5 15. d4 cxd4
16. Nxd4 Rac8 17. Nxf5 gxf5 18. Nd5 e6 19. Nc3 Rxc4 20. Bd2 Qc6 21. e4 Bd4+ 22.
Kh1 Bxc3 0-1

[Event "ch-RUS Blitz 2017"]
[Site "Sochi RUS"]
[Date "2017.10.02"]
[Round "1.13"]
[White "Korotylev, Alexey"]
[Black "Smelov, Aleksey"]
[Result "1-0"]
[WhiteTitle "GM"]
[WhiteElo "2573"]
[BlackElo "2184"]
[WhiteFideId "4119142"]
[BlackFideId "4163974"]
[EventDate "2017.10.02"]
[EventType "blitz"]

1. Nf3 d5 2. c4 c6 3. g3 Nf6 4. Bg2 Bf5 5. O-O e6 6. cxd5 exd5 7. d3 h6 8. Qb3
Qb6 9. Qc2 Be7 10. Nc3 O-O 11. e4 Bh7 12. Be3 Qa6 13. a3 Nbd7 14. Rfd1 Rac8 15.
h3 Rfe8 16. e5 Nh5 17. g4 Nc5 18. Bxc5 Bxc5 19. gxh5 Bf8 20. Qe2 Qb6 21. d4 a5
22. Rac1 Bf5 23. Qd2 Qd8 24. Ne2 Qd7 25. Ng3 Bxh3 26. Bxh3 Qxh3 27. Qxa5 f5 28.
exf6 Bd6 29. f7+ Kxf7 30. Ne5+ Kg8 31. Qc3 Rf8 32. Rd3 Rf4 33. Rf3 Rh4 34. Re1
c5 35. Qb3 Bxe5 36. dxe5 c4 37. Qxb7 Rf8 38. Qxd5+ Kh7 39. Rxf8 Qh2+ 40. Kf1
Qh3+ 41. Qg2 Qd7 42. Qf3 Qh3+ 43. Ke2 Qd7 44. Qf5+ 1-0

[Event "ch-RUS Blitz 2017"]
[Site "Sochi RUS"]
[Date "2017.10.02"]
[Round "1.14"]
[White "Jakovenko, Igor"]
[Black "Savchenko, Boris"]
[Result "0-1"]
[BlackTitle "GM"]
[WhiteElo "2170"]
[BlackElo "2581"]
[WhiteFideId "4195825"]
[BlackFideId "4147332"]
[EventDate "2017.10.02"]
[EventType "blitz"]

1. Nf3 d5 2. c4 d4 3. e3 Nc6 4. b4 dxe3 5. fxe3 Nxb4 6. Qa4+ Nc6 7. d4 e6 8. Be2
Bd7 9. Qb3 Bb4+ 10. Bd2 Qe7 11. a3 Bxd2+ 12. Nbxd2 Rb8 13. O-O Nf6 14. e4 e5 15.
d5 Nd4 16. Nxd4 exd4 17. Qd3 c5 18. Qg3 O-O 19. e5 Ne8 20. Bd3 Rd8 21. Rae1 Kh8
22. Ne4 h6 23. d6 Qe6 24. Nxc5 Qg4 25. Qxg4 Bxg4 26. Nxb7 Rc8 27. c5 Kg8 28. Rf4
Bd7 29. Rxd4 g6 30. Rc1 Ng7 31. Be4 Ne6 32. Rdc4 Bb5 33. Rb4 Bc6 34. Bxc6 Rxc6
35. Rbc4 Rfc8 36. d7 Rb8 37. Na5 Ra6 38. c6 Rxa5 39. c7 Nxc7 40. Rxc7 Rf8 41.
Rc8 Rd5 42. R1c7 Kg7 43. Kf2 Rxd7 44. Rxd7 Rxc8 45. Rxa7 Rc2+ 46. Kf3 Rc3+ 47.
Kf4 Kf8 48. g4 Rh3 49. a4 g5+ 50. Kf5 Rf3+ 51. Ke4 Rf4+ 52. Kd5 Rxg4 53. Ra8+
Kg7 54. a5 Rg2 55. Ra7 Rd2+ 56. Ke4 Kg6 57. Ra6+ Kh5 58. Rf6 Re2+ 59. Kd4 Rxh2
60. Rxf7 Rd2+ 61. Ke4 Ra2 62. Ra7 g4 63. e6 Kg6 64. Kf4 h5 65. e7 Kf7 66. a6 Ra3
67. Kg5 g3 68. Kxh5 g2 69. e8=Q+ Kxe8 70. Rg7 Rh3+ 0-1

[Event "ch-RUS Blitz 2017"]
[Site "Sochi RUS"]
[Date "2017.10.02"]
[Round "1.15"]
[White "Zvjaginsev, Vadim"]
[Black "Oganyan, Arsen"]
[Result "1-0"]
[WhiteTitle "GM"]
[WhiteElo "2643"]
[BlackElo "2282"]
[WhiteFideId "4113403"]
[BlackFideId "4175492"]
[EventDate "2017.10.02"]
[EventType "blitz"]

1. e4 c5 2. Nf3 d6 3. Bd3 g6 4. O-O Bg7 5. Re1 Nc6 6. Bb5 Bd7 7. c3 Nf6 8. d4
O-O 9. dxc5 dxc5 10. h3 Ne8 11. Bg5 Nd6 12. Bf1 h6 13. Bf4 Be6 14. Na3 a6 15.
Qd2 b5 16. Bxh6 Qb6 17. Bxg7 Kxg7 18. Ng5 Bc8 19. Qe3 Nb8 1-0

[Event "ch-RUS Blitz 2017"]
[Site "Sochi RUS"]
[Date "2017.10.02"]
[Round "1.16"]
[White "Mesnyankin, Nikita"]
[Black "Grachev, Boris"]
[Result "0-1"]
[BlackTitle "GM"]
[WhiteElo "2183"]
[BlackElo "2654"]
[WhiteFideId "24175935"]
[BlackFideId "4129199"]
[EventDate "2017.10.02"]
[EventType "blitz"]

1. e4 c5 2. Nf3 e6 3. d4 cxd4 4. Nxd4 Nc6 5. Nc3 a6 6. Be3 Nf6 7. Qf3 Bb4 8.
Nxc6 dxc6 9. Bd3 Bxc3+ 10. bxc3 Qa5 11. Bd2 e5 12. O-O O-O 13. a4 Be6 14. c4
Qxd2 15. Rab1 Rab8 16. Rfd1 Qa5 17. Ra1 Bg4 0-1

[Event "ch-RUS Blitz 2017"]
[Site "Sochi RUS"]
[Date "2017.10.02"]
[Round "1.17"]
[White "Timofeev, Artyom"]
[Black "Potapenko, D."]
[Result "1-0"]
[WhiteTitle "GM"]
[WhiteElo "2549"]
[BlackElo "2189"]
[WhiteFideId "4140419"]
[BlackFideId "4132769"]
[EventDate "2017.10.02"]
[EventType "blitz"]

1. c4 Nf6 2. g3 g6 3. Bg2 d5 4. cxd5 Nxd5 5. d4 Bg7 6. e4 Nb6 7. Ne2 O-O 8. O-O
Nc6 9. d5 Na5 10. Nbc3 c6 11. Bf4 cxd5 12. exd5 e5 13. dxe6 Bxe6 14. Qc1 Rc8 15.
Bh6 Qe7 16. Bxg7 Kxg7 17. Nf4 Bc4 18. Re1 Qc5 19. Ne4 Qd4 20. Nh5+ gxh5 21. Qg5+
Kh8 22. Qxa5 Bd5 23. Rad1 Qe5 24. Nc3 Nc4 25. Rxe5 Nxa5 26. Nxd5 Nc4 27. Rxh5
Nxb2 28. Rb1 1-0

[Event "ch-RUS Blitz 2017"]
[Site "Sochi RUS"]
[Date "2017.10.02"]
[Round "1.18"]
[White "Pavlov, Oleg"]
[Black "Popov, Ivan RUS"]
[Result "0-1"]
[WhiteTitle "FM"]
[BlackTitle "GM"]
[WhiteElo "2241"]
[BlackElo "2599"]
[WhiteFideId "4149297"]
[BlackFideId "4170350"]
[EventDate "2017.10.02"]
[EventType "blitz"]

1. d4 Nf6 2. c4 e6 3. Nf3 d5 4. Nc3 c6 5. Bg5 Nbd7 6. e3 h6 7. Bh4 Be7 8. Qc2
O-O 9. Rd1 a6 10. a3 b5 11. c5 Nh7 12. Bd3 f5 13. Bg3 Ng5 14. Ne5 Nxe5 15. Bxe5
Nf7 16. f4 Nxe5 17. fxe5 Bd7 18. O-O Be8 19. Qe2 h5 20. Qf3 g5 21. Kh1 Bg6 22.
b4 Kg7 23. a4 h4 24. Ra1 Rh8 25. Ra2 g4 26. Qe2 Bg5 27. Rfa1 Rc8 28. axb5 axb5
29. Ra7+ Rc7 30. R1a6 Kh6 31. Bxb5 Rxa7 32. Rxa7 cxb5 33. Nxb5 Qb8 34. c6 Qb6
35. Rb7 Qxc6 36. Rc7 Qb6 37. Kg1 Rb8 38. Rc5 0-1

[Event "ch-RUS Blitz 2017"]
[Site "Sochi RUS"]
[Date "2017.10.02"]
[Round "1.19"]
[White "Rakhmanov, Aleksandr"]
[Black "Potrekeev, Pavel"]
[Result "1-0"]
[WhiteTitle "GM"]
[WhiteElo "2669"]
[BlackElo "2220"]
[WhiteFideId "4173708"]
[BlackFideId "24126152"]
[EventDate "2017.10.02"]
[EventType "blitz"]

1. c4 Nf6 2. Nc3 c5 3. Nf3 e6 4. e4 d6 5. Be2 b6 6. d4 cxd4 7. Nxd4 Bb7 8. f3
Be7 9. Be3 a6 10. O-O O-O 11. Qd2 Nbd7 12. a4 Rc8 13. a5 Ne5 14. b3 bxa5 15. Na4
d5 16. exd5 Bb4 17. Qb2 exd5 18. c5 Re8 19. Bf2 Nc6 20. Rac1 Nd7 21. Bd3 g6 22.
Rfd1 Qf6 23. Bf1 Re7 24. Nxc6 Bxc6 25. Qxf6 Nxf6 26. Bh4 Kg7 27. Nb6 Rb8 28. Bg3
Rbe8 29. Bf2 g5 30. Bxa6 h5 31. h4 g4 32. Nc8 Re6 33. Nd6 Ra8 34. Bd3 gxf3 35.
gxf3 d4 36. Bxd4 Bxf3 37. Rc2 Bg4 38. Rf1 a4 39. Rcf2 axb3 40. Bxf6+ Kg8 41. Bd4
Ra2 42. Nxf7 Rxf2 43. Rxf2 b2 44. Rxb2 Re1+ 45. Kf2 Kxf7 46. Rxb4 Rd1 47. Ke3
Re1+ 48. Kd2 Rd1+ 49. Kc3 Rh1 50. Rb7+ Ke6 51. Bc4+ Kf5 52. c6 Rc1+ 53. Kb4 Rb1+
54. Kc5 1-0

[Event "ch-RUS Blitz 2017"]
[Site "Sochi RUS"]
[Date "2017.10.02"]
[Round "1.20"]
[White "Sanin, Andrey"]
[Black "Jakovenko, Dmitry"]
[Result "0-1"]
[BlackTitle "GM"]
[WhiteElo "2222"]
[BlackElo "2710"]
[WhiteFideId "14125390"]
[BlackFideId "4122356"]
[EventDate "2017.10.02"]
[EventType "blitz"]

1. Nf3 c5 2. c4 Nc6 3. Nc3 e5 4. g3 g6 5. Bg2 Bg7 6. O-O d6 7. d3 Nge7 8. a3 O-O
9. Rb1 a5 10. Ne1 Be6 11. Nc2 d5 12. cxd5 Nxd5 13. Nxd5 Bxd5 14. Ne3 Bxg2 15.
Kxg2 Nd4 16. Bd2 a4 17. Bc3 b5 18. Bxd4 exd4 19. Nc2 Re8 20. Qd2 h5 21. e4 dxe3
22. fxe3 Qd5+ 23. Kg1 Rad8 24. d4 cxd4 25. exd4 Bxd4+ 26. Qxd4 Qxd4+ 27. Nxd4
Rxd4 28. Rbd1 Rxd1 29. Rxd1 Re2 30. Rb1 Kg7 31. b3 Ra2 32. bxa4 bxa4 0-1

[Event "ch-RUS Blitz 2017"]
[Site "Sochi RUS"]
[Date "2017.10.02"]
[Round "1.21"]
[White "Alekseenko, Kirill"]
[Black "Tenikashvili, Georgij"]
[Result "1-0"]
[WhiteTitle "GM"]
[BlackTitle "FM"]
[WhiteElo "2563"]
[BlackElo "2294"]
[WhiteFideId "4135539"]
[BlackFideId "4134605"]
[EventDate "2017.10.02"]
[EventType "blitz"]

1. e4 c6 2. d4 d5 3. e5 Bf5 4. Nf3 e6 5. Be2 Nd7 6. O-O h6 7. Nbd2 Ne7 8. Nb3
Nc8 9. a4 Be7 10. a5 a6 11. c4 dxc4 12. Nbd2 c5 13. Nxc4 O-O 14. Be3 Na7 15. d5
exd5 16. Qxd5 Nc6 17. Rfd1 Be6 18. Qe4 Qc7 19. Bd3 g6 20. Bxh6 Rfe8 21. Qf4 Bxc4
22. Bxc4 Ndxe5 23. Nxe5 Nxe5 24. Bxf7+ Kh7 25. Bxe8 Rxe8 26. Bg5 Bd6 27. Qh4+
Kg8 28. Bf6 Nf7 29. Re1 Rf8 30. Rad1 Bf4 31. Re7 Qc6 1-0

[Event "ch-RUS Blitz 2017"]
[Site "Sochi RUS"]
[Date "2017.10.02"]
[Round "1.22"]
[White "Mnatsakanian, Arsen"]
[Black "Moskalenko, Alexander"]
[Result "1/2-1/2"]
[BlackTitle "IM"]
[WhiteElo "2200"]
[BlackElo "2531"]
[WhiteFideId "24189820"]
[BlackFideId "4155351"]
[EventDate "2017.10.02"]
[EventType "blitz"]

1. e4 c6 2. d4 g6 3. Nf3 Bg7 4. Bd3 d5 5. e5 Bg4 6. h3 Bxf3 7. Qxf3 e6 8. O-O
Nd7 9. c3 h6 10. Qg3 Ne7 11. Na3 a6 12. Nc2 c5 13. b4 cxb4 14. cxb4 Rc8 15. Bd2
Nb6 16. Ne3 Qd7 17. b5 axb5 18. Bb4 Nc4 19. Ng4 h5 20. Nf6+ Bxf6 21. exf6 Nc6
22. Bxc4 dxc4 23. Bc3 b4 24. d5 exd5 25. Rfe1+ Kf8 26. Re7 Qd8 27. Be5 Nxe7 28.
fxe7+ Kxe7 29. Re1 Kd7 30. Qf3 Kc6 31. Bxh8 Qxh8 32. Qxf7 Qf8 33. Re6+ Kc5 34.
Qxb7 Qd8 35. Qa7+ Kb5 36. Qb7+ Kc5 37. Qa7+ Kb5 38. Qb7+ Kc5 39. Qa7+ Kb5 40.
Qb7+ Kc5 41. Qa7+ Kb5 42. Qb7+ 1/2-1/2

[Event "ch-RUS Blitz 2017"]
[Site "Sochi RUS"]
[Date "2017.10.02"]
[Round "1.23"]
[White "Sarana, Alexey"]
[Black "Perov, German"]
[Result "1-0"]
[WhiteTitle "GM"]
[WhiteElo "2541"]
[BlackElo "2162"]
[WhiteFideId "24133795"]
[BlackFideId "44111410"]
[EventDate "2017.10.02"]
[EventType "blitz"]

1. Nf3 Nf6 2. d4 d5 3. c4 e6 4. Nc3 c5 5. cxd5 Nxd5 6. e4 Nxc3 7. bxc3 cxd4 8.
cxd4 Bb4+ 9. Bd2 Bxd2+ 10. Qxd2 O-O 11. Bc4 Nd7 12. O-O b6 13. a4 a5 14. Bb5 Bb7
15. Rfe1 Nf6 16. Bd3 Rc8 17. Rab1 Rc6 18. e5 Nd5 19. Ng5 h6 20. Ne4 Qc7 21. Nd6
Nb4 22. Be4 Nd5 23. Bxd5 exd5 24. Rb3 Rc2 25. Qf4 Bc8 26. Rg3 Kh7 27. h4 Be6 28.
Kh2 f6 29. Qe3 f5 30. Qf4 Qd7 31. h5 Rc7 32. Ree3 Qxa4 33. Rg6 Qd7 34. Reg3 Rg8
35. Rxe6 Qxe6 36. Rg6 Qe7 37. Nxf5 Qf7 38. Rxh6+ 1-0

[Event "ch-RUS Blitz 2017"]
[Site "Sochi RUS"]
[Date "2017.10.02"]
[Round "1.24"]
[White "Chekletsov, Ilya"]
[Black "Kobalia, Mikhail"]
[Result "1-0"]
[WhiteTitle "FM"]
[BlackTitle "GM"]
[WhiteElo "2372"]
[BlackElo "2596"]
[WhiteFideId "24177156"]
[BlackFideId "4119150"]
[EventDate "2017.10.02"]
[EventType "blitz"]

1. d4 f5 2. c4 Nf6 3. Nf3 g6 4. g3 Bg7 5. Bg2 O-O 6. O-O d6 7. Nc3 Nc6 8. d5 Ne5
9. Nxe5 dxe5 10. Qb3 h6 11. Rd1 Kh7 12. c5 a6 13. a4 Qe8 14. a5 g5 15. Na4 Bd7
16. d6 exd6 17. cxd6 cxd6 18. Nb6 Rd8 19. Rxd6 Bb5 20. Rxd8 Qxd8 21. Be3 e4 22.
Bc5 Rg8 23. Rd1 Qe8 24. e3 Qc6 25. Bd4 Rf8 26. Bf1 Bxf1 27. Kxf1 Kg6 28. Qc4
Qxc4+ 29. Nxc4 Rd8 30. Ke2 Ng4 31. h3 Bxd4 32. hxg4 Bf6 33. Rxd8 Bxd8 34. gxf5+
Kxf5 35. Nd6+ Kg4 36. Nxb7 Bc7 37. b4 h5 38. Nc5 h4 39. gxh4 gxh4 40. Nxa6 Bd6
41. Nc5 h3 42. Nxe4 h2 43. f3+ Kh3 44. Nf2+ Kg2 45. f4 Be7 46. a6 Bh4 47. a7
Bxf2 48. a8=Q+ Kg1 49. Qf3 1-0

[Event "ch-RUS Blitz 2017"]
[Site "Sochi RUS"]
[Date "2017.10.02"]
[Round "1.25"]
[White "Hasangatin, Ramil"]
[Black "Kryzhanovskiy, Mikhail"]
[Result "1-0"]
[WhiteTitle "GM"]
[WhiteElo "2496"]
[BlackElo "2008"]
[WhiteFideId "4122160"]
[BlackFideId "24145769"]
[EventDate "2017.10.02"]
[EventType "blitz"]

1. e4 e6 2. d3 d5 3. Qe2 c5 4. Nf3 Nc6 5. g3 Nf6 6. Bg2 Be7 7. O-O O-O 8. e5 Nd7
9. c4 d4 10. Re1 Rb8 11. h4 Re8 12. Bf4 Nf8 13. h5 h6 14. Nbd2 Nh7 15. Ne4 a6
16. Nh2 Bg5 17. Nd6 Bxf4 18. Nxe8 Bxe5 19. Bxc6 Bxg3 20. fxg3 bxc6 21. Qe5 Qg5
22. Qxg5 Nxg5 23. Re2 e5 24. Nd6 Bh3 25. b3 f6 26. Ne4 Be6 27. Nxc5 Bf7 28. g4
a5 29. Kg2 a4 30. Nxa4 Ne6 31. Rf1 c5 32. Kg3 Be8 33. Nb2 Ra8 34. Nd1 Bc6 35.
Rff2 Ra7 36. Nf1 Ng5 37. Nd2 Ra5 38. Ne4 Ne6 1-0